JOZEF KŘEPELA

Bibliographic Details
Main Author: Vrbka, Stanislav, 1934-1991 (Author)
Format: Article
Language:Slovak

MARC

LEADER 00000nab a2200000ua 4500
001 vtls010750415
003 SK-MaSNL
005 20260304195904.0
008 250718s1977 xo |||||||||||||||||slo|
035 |a (urnnbn)urn:nbn:sk:snk:ar-a00guy 
035 |a (uuid)e63b6eb1-6861-4210-bb0e-2db112260985 
035 |a urn:nbn:sk:snk-ab48d7 
040 |a SNKBUCL  |b slo  |c SNKBUCL  |e AACR2 
041 0 |a slo 
044 |a xo  |c SK 
100 1 |a Vrbka, Stanislav,  |d 1934-1991  |4 aut  |9 37562 
245 1 0 |a JOZEF KŘEPELA  |c Stanislav Vrbka 
773 0 |t Film a divadlo  |g Roč. 21, č. 18 (1977), s. [2] 
850 |a Slovenská národná knižnica 
852 |a Slovenská národná knižnica 
954 |a odborná, vedecká literatúra pôvodná (slovenská)  |2 lita 
958 |a article3 
958 |a OND 
958 |a EUIPO 
999 |c 3083513  |d 3085443